000 00226nam a2200085Ia 4500
008 170620s9999 xx 000 0 und d
100 _aRao- Kondru Subba
245 0 _aGifted and Talented Education
260 _bNew Delhi- Sonali Publication
260 _c2006
999 _c24367
_d24367